|
|
|
|
| LEADER |
00000naa2a2200000 4500 |
| 001 |
385636 |
| 005 |
20231101063402.0 |
| 035 |
|
|
|a (RuTPU)RU\TPU\prd\13558
|
| 090 |
|
|
|a 385636
|
| 100 |
|
|
|a 20030512a2003 k y0rusy50 ca
|
| 101 |
0 |
|
|a rus
|
| 102 |
|
|
|a RU
|
| 200 |
1 |
|
|a Методы и средства аттестаци испытательных климатических камер
|f С. В. Маринко, А. Ю. Лагода, А. В. Старцев
|
| 225 |
1 |
|
|a Метрологическая служба
|
| 320 |
|
|
|a Библиогр.: 3 назв.
|
| 461 |
|
1 |
|0 (RuTPU)RU\TPU\prd\1509
|x 0368-1025
|t Измерительная техника
|l Measurement Techniques
|o научно-технический журнал
|f Российская Федерация, Федеральное агентство по техническому регулированию и метрологии (Ростехрегулирование) (Госстандарт России)
|d 1940-1941, 1955-
|
| 463 |
|
1 |
|0 (RuTPU)RU\TPU\prd\13363
|t № 3
|v С. 60-63
|d 2003
|
| 610 |
1 |
|
|a испытательное оборудование
|
| 610 |
1 |
|
|a аттестация
|
| 610 |
1 |
|
|a типовая методика
|
| 610 |
1 |
|
|a средства аттестации
|
| 610 |
1 |
|
|a виртуальный термометр
|
| 610 |
1 |
|
|a оптимизация
|
| 610 |
1 |
|
|a погрешность
|
| 610 |
1 |
|
|a время измерений
|
| 675 |
|
|
|a 389.14:620.1.05
|v 3
|
| 700 |
|
1 |
|a Маринко
|b С. В.
|
| 701 |
|
1 |
|a Лагода
|b А. Ю.
|
| 701 |
|
1 |
|a Старцев
|b А. В.
|
| 801 |
|
1 |
|a RU
|b 63413507
|c 20030512
|g PSBO
|
| 801 |
|
2 |
|a RU
|b 63413507
|c 20121217
|g RCR
|
| 942 |
|
|
|c BK
|